000
00496nam a2200181Ia 4500
008
100917s9999 xx 000 0 und d
082
_b
64216
100
_a
चव्हाण बियन
245
_a
बडा फास्ट
260
_b
सरस प्रकाशन
_c
1984
300
_a
207
365
_b
32
520
_a
कादंबरी
630
_a
बडा फास्ट
650
_a
कादंबरी
730
_a
बडा फास्ट
942
_c
BOOK
999
_c
669610
_d
669607